Molecular biology : Principles and practice

Guardado en:
Detalles Bibliográficos
Autor principal:  Cox, Michael M
Formato: Sách
Lenguaje:Undetermined
Publicado:  W.H. Freeman & Company, a Macmillan Education Imprint  2015
Materias:
Etiquetas: Agregar Etiqueta
Sin Etiquetas, Sea el primero en etiquetar este registro!
Thư viện lưu trữ: Trung tâm Thư viện - Trường Đại học Công nghiệp TP. Hồ Chí Minh
LEADER 00566nam a2200157Ia 4500
001 UIH_07106
008 231011s9999 xx 000 0 und d
082 |a  572.33 
100 |a  Cox, Michael M 
245 0 |a  Molecular biology : Principles and practice 
245 0 |c  Cox, Michael M 
260 |b  W.H. Freeman & Company, a Macmillan Education Imprint 
260 |c  2015 
650 |a  Molecular biology; Nucleic acid; Công nghệ sinh học;  
927 |a Sách 
980 |a Trung tâm Thư viện - Trường Đại học Công nghiệp TP. Hồ Chí Minh